| 000 | 01403nam a2200265 a 4500 | ||
|---|---|---|---|
| 001 | 000007189 | ||
| 003 | DO-SdBNP | ||
| 005 | 20180213131905.0 | ||
| 007 | 000007189 | ||
| 008 | 090907s2006 dr 001 0 spa d | ||
| 040 |
_aBPMSU _bspa _cBPMSU |
||
| 092 |
_axxxx _bR426i |
||
| 110 | 1 |
_aRepública Dominicana _bSecretariado Técnico de la Presidencia _bOficina Nacional de Administración y Personal |
|
| 245 | 1 | 0 | _aInstructivo para la incorporación de los actuales funcionarios y empleados civiles del poder ejecutivo a la carrera administrativa /. |
| 260 |
_aSanto Domingo _aONAP, _c2006. |
||
| 300 |
_a187 p. ; _c22 cm . |
||
| 505 | 2 |
_tDecreto 538-03, sobre ingreso de nuevo personal a la carrera administrativa general y unificación de nóminas -- _tDecreto 668-05, que declara de interés nacional la profesionalización de la función pública y la de aplicación integral de la Ley de Servicio Civil y carrera administrativa -- _tDecretos 611-05 y 683-05 que ortorgan el nombramiento de servidores públicos de carrera a los empleados incorporados en los actos X ,XI y XII. |
|
| 930 | 1 |
_lBND01 _mLF1 _820130502 _f04 _pHD _g3099 |
|
| 930 | 1 |
_lBND01 _mLF1 _820130412 _f01 _pHD _g3099 _he. 2 |
|
| 942 |
_2ddc _cBK |
||
| 945 | _aInventariado, 2017/MFF | ||
| 956 |
_aSARMENTERO _b10 _c20090907 _lBND01 _h0813 |
||
| 956 |
_aVMATEO _b10 _c20091130 _lBND01 _h1129 |
||
| 956 |
_aVMATEO _b10 _c20150803 _lBPMSU _h00151 |
||
| 999 |
_c8049 _d8049 |
||